| 000 -LEADER |
| fixed length control field |
02028cam a2200469 i 4500 |
| 001 - CONTROL NUMBER |
| control field |
20703671 |
| 003 - CONTROL NUMBER IDENTIFIER |
| control field |
NUST |
| 005 - DATE AND TIME OF LATEST TRANSACTION |
| control field |
20220828195128.0 |
| 008 - FIXED-LENGTH DATA ELEMENTS--GENERAL INFORMATION |
| fixed length control field |
181012s2019 nyua 000 0aeng |
| 010 ## - LIBRARY OF CONGRESS CONTROL NUMBER |
| LC control number |
2018048035 |
| 020 ## - INTERNATIONAL STANDARD BOOK NUMBER |
| International Standard Book Number |
9781538729809 (hardcover) |
| 020 ## - INTERNATIONAL STANDARD BOOK NUMBER |
| International Standard Book Number |
9781538729823 (paperback) |
| 020 ## - INTERNATIONAL STANDARD BOOK NUMBER |
| Canceled/invalid ISBN |
9781538729816 (ebook) |
| 038 ## - RECORD CONTENT LICENSOR |
| Staff Name |
Azhar |
| 040 ## - CATALOGING SOURCE |
| Original cataloging agency |
DLC |
| Language of cataloging |
eng |
| Transcribing agency |
DLC |
| Description conventions |
rda |
| Modifying agency |
DLC |
| 042 ## - AUTHENTICATION CODE |
| Authentication code |
pcc |
| 043 ## - GEOGRAPHIC AREA CODE |
| Geographic area code |
n-us-mo |
| 050 00 - LIBRARY OF CONGRESS CALL NUMBER |
| Classification number |
F472.O93 |
| Item number |
G45 2019 |
| 082 00 - DEWEY DECIMAL CLASSIFICATION NUMBER |
| Classification number |
977.8493092 |
| -- |
B |
| Edition number |
23 |
| Author Mark |
GEI |
| 100 1# - MAIN ENTRY--PERSONAL NAME |
| Personal name |
Geist, William, |
| Relator term |
author. |
| 9 (RLIN) |
93805 |
| 245 10 - TITLE STATEMENT |
| Title |
Lake of the Ozarks : |
| Remainder of title |
my surreal summers in a vanishing America |
| Statement of responsibility, etc. |
Bill Geist. |
| 250 ## - EDITION STATEMENT |
| Edition statement |
First edition. |
| 260 ## - PUBLICATION, DISTRIBUTION, ETC. |
| Place of publication, distribution, etc. |
New York : |
| Name of publisher, distributor, etc. |
Grand Central Publishing, |
| Date of publication, distribution, etc. |
2019 |
| 300 ## - PHYSICAL DESCRIPTION |
| Extent |
xii, 195 pages : |
| Other physical details |
illustrations ; |
| Dimensions |
22 cm |
| 336 ## - CONTENT TYPE |
| Content type term |
text |
| Content type code |
txt |
| Source |
rdacontent |
| 337 ## - MEDIA TYPE |
| Media type term |
unmediated |
| Media type code |
n |
| Source |
rdamedia |
| 338 ## - CARRIER TYPE |
| Carrier type term |
volume |
| Carrier type code |
nc |
| Source |
rdacarrier |
| 520 ## - SUMMARY, ETC. |
| Summary, etc. |
"Bill Geist reflects on his coming of age in the American heartland of the Midwest and traces his evolution as a man and a writer, in the summers between high school and college, before he went off to Vietnam and the country went to Hell."--Provided by publisher |
| 563 ## - BINDING INFORMATION |
| Binding note |
HB |
| 600 10 - SUBJECT ADDED ENTRY--PERSONAL NAME |
| Personal name |
Geist, William |
| General subdivision |
Childhood and youth. |
| 9 (RLIN) |
93806 |
| 650 #0 - SUBJECT ADDED ENTRY--TOPICAL TERM |
| Topical term or geographic name entry element |
Summer resorts |
| Geographic subdivision |
MIssouri |
| -- |
Ozarks, Lake of the, Region |
| Form subdivision |
Anecdotes. |
| 9 (RLIN) |
93807 |
| 650 #0 - SUBJECT ADDED ENTRY--TOPICAL TERM |
| Topical term or geographic name entry element |
Teenage boys |
| Geographic subdivision |
Missouri |
| Form subdivision |
Biography. |
| 9 (RLIN) |
93808 |
| 650 #0 - SUBJECT ADDED ENTRY--TOPICAL TERM |
| Topical term or geographic name entry element |
Teenagers |
| Geographic subdivision |
Missouri |
| General subdivision |
Social life and customs |
| Chronological subdivision |
20th century. |
| 9 (RLIN) |
93809 |
| 650 #0 - SUBJECT ADDED ENTRY--TOPICAL TERM |
| Topical term or geographic name entry element |
Summer employment |
| Geographic subdivision |
Missouri |
| Form subdivision |
Anecdotes. |
| 9 (RLIN) |
93810 |
| 650 #0 - SUBJECT ADDED ENTRY--TOPICAL TERM |
| Topical term or geographic name entry element |
Youth |
| General subdivision |
Employment |
| Geographic subdivision |
Missouri |
| Form subdivision |
Anecdotes. |
| 9 (RLIN) |
93811 |
| 650 #0 - SUBJECT ADDED ENTRY--TOPICAL TERM |
| Topical term or geographic name entry element |
Coming of age. |
| 9 (RLIN) |
93812 |
| 651 #0 - SUBJECT ADDED ENTRY--GEOGRAPHIC NAME |
| Geographic name |
Ozarks, Lake of the, Region (Mo.) |
| General subdivision |
Social life and customs |
| Chronological subdivision |
20th century. |
| 9 (RLIN) |
93813 |
| 651 #0 - SUBJECT ADDED ENTRY--GEOGRAPHIC NAME |
| Geographic name |
Missouri |
| General subdivision |
Social life and customs |
| Chronological subdivision |
20th century |
| Form subdivision |
Anecdotes. |
| 9 (RLIN) |
93814 |
| 906 ## - LOCAL DATA ELEMENT F, LDF (RLIN) |
| a |
7 |
| b |
cbc |
| c |
orignew |
| d |
1 |
| e |
ecip |
| f |
20 |
| g |
y-gencatlg |
| 942 ## - ADDED ENTRY ELEMENTS (KOHA) |
| Source of classification or shelving scheme |
|
| Koha item type |
Lincoln Corner |